000 01179nam0a22002531 4500
001 rc\1028147
005 20260407002003.0
035 _a(NLR Aleph) 006192147
090 _a6177660
_c6177660
100 _a20041129d1981 |||y0rusy50 ca
101 0 _arus
102 _aRU
105 _aa |||||||||
200 1 _aБорис Александрович Старчиков, заслуженный художник РСФСР
_eКарикатура, плакат, рисунок, эстамп
_eКаталог выставки
_f[Авт. вступ. статьи: И.М. Семенов
_gСост. кат.: В.А. Невельсон]
210 _aМ.
_cСов. художник
_d1981
215 _a[13] с., 6 л. ил.
_cпортр.
_d22
300 _aВ надзаг.: Союз художников СССР, Моск. орг. Союза художников РСФСР
710 1 0 _aСтарчиков,
_gБорис Александрович
_hВыставка произведений
_f1981
_eМосква
_3RU\NLR\AUTH\889992464
_9481225
801 0 _aRU
_bNLR
_gpsbo
801 1 _aRU
_bELAR
_2rusmarc
852 _aNLR
_bЭ
_jКП/С774,1
942 _cBOOK
980 _aNB